|
|
|
|
| LEADER |
01904nem a2200493 a 4500 |
| 001 |
nkc20132469628 |
| 003 |
CZ PrNK |
| 005 |
20150702130845.0 |
| 007 |
aj canzn |
| 008 |
131021s2012 xr z a 0 cze |
| 015 |
|
|
|a cnb002469628
|
| 020 |
|
|
|a 978-80-7446-097-5
|q (PLANstudio :
|q mapa)
|
| 034 |
1 |
|
|a a
|b 140000
|d E0145946
|e E0155628
|f N0505656
|g N0503141
|
| 040 |
|
|
|a ABA001
|b cze
|
| 041 |
0 |
|
|a cze
|a pol
|
| 043 |
|
|
|a e-xr---
|b e-xr-cc
|2 czenas
|
| 072 |
|
7 |
|a 913(437)
|x Geografie Česka a Slovenska, reálie, cestování
|2 Konspekt
|9 7
|
| 072 |
|
7 |
|a 912
|x Mapy. Atlasy. Glóby
|2 Konspekt
|9 7
|
| 080 |
|
|
|a 796.61
|2 MRF
|
| 080 |
|
|
|a 913(437.31-17)
|2 MRF
|
| 080 |
|
|
|a (234.571)
|2 MRF
|
| 080 |
|
|
|a (234.572)
|2 MRF
|
| 080 |
|
|
|a (084.3)796.61
|2 MRF
|
| 110 |
2 |
|
|a PLANstudio (firma)
|7 mzk2006340961
|
| 245 |
1 |
0 |
|a Jizerské hory a Krkonoše
|h [kartografický dokument] :
|b cyklomapa /
|c vydalo a zpracovalo PLANstudio
|
| 246 |
3 |
0 |
|a Krkonoše
|
| 250 |
|
|
|a 1. vyd.
|
| 255 |
|
|
|a Měřítko 1:140 000
|c (014°59´46" v.d.--015°56´28" v.d./050°56´56" s.š.--050°31´41" s.š.)
|
| 260 |
|
|
|a Praha :
|b PLANstudio,
|c 2012
|
| 300 |
|
|
|a 1 mapa :
|b barev. ;
|c 33 x 48 cm, složeno na 17 x 8 cm
|
| 490 |
1 |
|
|a Na kole jen s přilbou
|
| 500 |
|
|
|a Na rubu informace pro cyklisty
|
| 500 |
|
|
|a Vydáno v koedici s: Bezpečně na silnicích, o.p.s.
|
| 546 |
|
|
|a Místní jména česky a částečně polsky
|
| 650 |
0 |
7 |
|a cykloturistika
|7 ph114274
|z Česko
|2 czenas
|
| 655 |
|
7 |
|a cykloturistické mapy
|7 fd131996
|2 czenas
|
| 651 |
|
7 |
|a Jizerské hory (Česko a Polsko)
|7 ge134250
|2 czenas
|
| 651 |
|
7 |
|a Krkonoše (Česko a Polsko : pohoří)
|7 ge134289
|2 czenas
|
| 830 |
|
0 |
|a Na kole jen s přilbou
|
| 910 |
2 |
|
|a BOA001
|b Mp2-1330.575
|
| 990 |
|
|
|a MP
|
| 995 |
|
|
|a 01
|
| 991 |
|
|
|b 201409
|c NOV
|e n
|
| 996 |
6 |
|
|b 2610604298
|c Mp2-1330.575
|l MZK
|r Sklad / do 1 hodiny
|n 0
|p p.v.
|w 001454803
|u 000010
|a 1
|e BOA001
|j MZK50
|s P
|